Y-generáció a munka új fogyasztója

Elmentve itt :
Bibliográfiai részletek
Szerző: Rédli Zsófia
További közreműködők: Kürtösi Zsófia (Témavezető)
Dokumentumtípus: Szakdolgozat
Megjelent: 2011
Tárgyszavak:
Online Access:http://diploma.bibl.u-szeged.hu/46172
LEADER 00531nta a2200157 i 4500
001 dipl46172
005 20150302150242.0
008 150302s2011 hu om 0|| zxx d
040 |a SZTE Diploma Repozitórium  |b hun 
041 |a zxx 
100 1 |a Rédli Zsófia 
245 1 0 |a Y-generáció a munka új fogyasztója  |h [elektronikus dokumentum] /  |c Zsófia Rédli 
260 |c 2011 
650 4 |a Gazdaságtudományok 
700 1 |a Kürtösi Zsófia  |e ths 
856 4 0 |u http://diploma.bibl.u-szeged.hu/id/eprint/46172/1/szakdolgozat.pdf  |z Dokumentum-elérés